| 000 | 00500nam a22001817a 4500 | ||
|---|---|---|---|
| 003 | OSt | ||
| 005 | 20160524141627.0 | ||
| 008 | 160524b xxu||||| |||| 00| 0 eng d | ||
| 020 | _a9241572337 | ||
| 040 | _cDLMN. | ||
| 082 | _aQS679T688w 2006 | ||
| 100 |
_aIPCS. _98903 |
||
| 245 |
_aTransgenic Animal Mutagenicity Assays, _bEnvironmental Health Criteria 233 |
||
| 260 |
_aUK. _bWorld Healh Organisation. _c2006. |
||
| 300 |
_axxv,298p; _bill; _c22cm. |
||
| 650 |
_aHealth. _92172 |
||
| 942 |
_2z _cO_SHELF |
||
| 999 |
_c4132 _d4132 |
||